| 000 | 01321cam a22003251 4500 | ||
|---|---|---|---|
| 001 | gs 40000356 | ||
| 003 | DLC | ||
| 005 | 20260227111346.0 | ||
| 008 | 780228s1940 msuab b 000 0 eng c | ||
| 010 | _ags 40000356 | ||
| 035 | _a(OCoLC)3677782 | ||
| 040 |
_aU.S. Geol. Survey. Library _cOT _dOCoLC _dDLC |
||
| 042 | _apremarc | ||
| 050 | 0 | 0 |
_aQE129 _b.A2 no. 41 |
| 051 |
_aTN24.M7 _bA5 1940b _cCopy 2. |
||
| 082 | _a557.62 s | ||
| 110 | 2 | _aMississippi Geological, Economic, and Topographical Survey. | |
| 245 | 1 | 0 |
_aLauderdale county mineral resources. _bGeology, _cby V.M. Foster; Tests, by Thomas Edwin McCutcheon. |
| 260 |
_aUniversity, _c1940. |
||
| 300 |
_a246 p. _billus., fold. map., tables. _c23 cm. |
||
| 490 | 1 |
_aIts Bulletin _v41 |
|
| 500 | _a"Prepared in cooperation with the Lauderdale citizens, the State Planning Commission, and the WPA as a report on O.P. 465-62-3-275." | ||
| 500 | _aAt head of title: Mississippi State Geological Survey. | ||
| 504 | _a"References": p. 171-172. | ||
| 650 | 0 |
_aGeology _zMississippi _zLauderdale County. |
|
| 650 | 0 |
_aMines and mineral resources _zMississippi _zLauderdale County. |
|
| 700 | 1 |
_aFoster, Vellora Meek, _d1904-1941. |
|
| 700 | 1 | _aMcCutcheon, Thomas Edwin. | |
| 810 | 2 |
_aMississippi Geological, Economic, and Topographical Survey. _tBulletin _v41. |
|
| 999 |
_c27680 _d27680 |
||